Chargement en cours...

Compiler construction: principles and practice /

Détails bibliographiques
Auteur principal: Dhamdhere, D M .
Format: Printed Book
Langue:English
Publié: New Delhi : Macmillan India Private Limited , 1983.
Sujets:
LEADER 00736cam a2200217ua 4500
001 400
005 20191212161142.0
007 ta
008 080618s1983 g b000 u eng u
041 1 |a eng  |h NULL 
082 1 4 |a 005.453  |b DHA 
100 1 |a Dhamdhere, D M . 
245 1 0 |a Compiler construction: principles and practice /   |c D M Dhamdhere.  |h Textual Documents 
260 |a New Delhi :   |b Macmillan India Private Limited ,   |c 1983. 
300 |a NULL ;   |c NULL. 
541 |e 01374  
653 0 |a Compilers 
852 0 |t 1  |p DCS01374   |k 005.453  |f 00000  |m DHA 
942 |c BK 
999 |c 237129  |d 237129 
952 |0 0  |1 0  |4 0  |6 005_453000000000000  |7 0  |9 251353  |a DCS  |b DCS  |d 2019-12-12  |f 00000  |l 0  |m 0  |o 005.453  |p DCS01374   |r 2019-12-12  |t 1  |w 2019-12-12  |y BK